000 00696nam a2200289Ia 4500
005 20260324121218.0
008 008 260324s9999 xx 000 0 eng d
020 _a9781315884189
037 _aEBOOK
040 _aCRL
040 _beng
040 _cCRL
041 _2eng
041 _aeng
084 _qCRL
100 _aJane Gangi
_91161633
245 0 _aGenocide in Contemporary Children's and Young Adult Literature
245 0 _bCambodia to Darfur
260 _bTaylor and Francis
260 _c2014
365 _a
365 _b240
856 _uhttp://www.taylorfrancis.com/books/9781315884189
942 _cEBOOK
999 _c1753591
_d1753591